000 00361nam a22001577a 4500
003 MACL
005 20151223151646.0
008 151223b xxu||||| |||| 00| 0 eng d
040 _cMACL
041 _aEnglish
082 _a649
100 _aKumar,Rajini Arun
_922483
245 _aThe Mother of All Books
650 _aFamily living
_96906
942 _2ddc
_cBK
999 _c51706
_d51706